Statistics for All Icons in FIFA 20

Click here to take the quiz!

General Stats

  • This quiz has been taken 323 times
  • The average score is 67 of 89

Answer Stats

RankNationRatings + PositionsAnswer% Correct
2Argentina97 CAM, 95 CAM, 91 CAMMaradona
99%
1Brazil98 CAM, 95 CF, 91 CFPele
99%
3Brazil96 ST, 94 ST, 90 STRonaldo
98%
4France96 CAM, 94 CAM, 91 CMZidane
97%
7Italy94 CB, 92 CB, 88 LBMaldini
94%
6Brazil94 LW, 91 CAM, 89 CAMRonaldinho
94%
9Russia94 GK, 91 GK, 89 GKYashin
94%
5Netherlands94 CF, 91 CF, 89 CFCruyff
92%
13Northern Ireland93 RW, 90 RW, 88 RWBest
91%
12Portugal93 CF, 91 CF, 89 CFEusebio
91%
10Netherlands93 CF, 90 CM, 86 CMGullit
91%
14France93 ST, 90 LW, 87 LWHenry
91%
8Brazil94 RW, 92 RW, 90 RWGarrincha
86%
38Brazil91 LB, 88 LB, 86 LBRoberto Carlos
86%
16Italy93 CAM, 91 CAM, 89 CFBaggio
85%
24Portugal92 RW, 90 RW, 88 CAMFigo
84%
22Argentina92 RB, 88 RB, 87 LBZanetti
84%
28Wales92 LM, 89 LM, 87 LMGiggs
83%
11Germany93 CM, 91 CDM, 88 CBMatthaus
83%
15Netherlands93 ST, 91 ST, 89 STVan Basten
83%
40England91 CM, 89 CM, 86 CDMGerrard
81%
17Italy93 CB, 91 CB, 88 CBBaresi
80%
64England90 CM, 88 CM, 86 CMLampard
80%
21England92 CB, 89 CB, 87 CBMoore
80%
43Czech Republic91 LM, 89 LM, 86 LMNedved
80%
18Brazil93 RB, 90 RB, 87 CBCarlos Alberto
79%
61Ivory Coast91 ST, 89 ST, 87 STDrogba
79%
36Italy92 CM, 90 CM, 88 CMPirlo
79%
32Spain92 CB, 90 CB, 86 RBPuyol
79%
23Spain92 CF, 88 CF, 86 CFRaul
78%
20Brazil92 LW, 90 CF, 87 CAMRivaldo
78%
26Italy92 CF, 90 CF, 87 CFDel Piero
77%
82Ghana90 CDM, 87 CDM, 85 CDMEssien
77%
66Ireland90 CM, 88 CM, 86 CMKeane
77%
80England90 CB, 88 CB, 85 CBFerdinand
76%
89Japan88 CAM, 86 CAM, 85 CAMNakata
76%
74Nigeria90 CAM, 87 RM, 85 RMOkocha
76%
58Wales91 ST, 89 ST, 87 STRush
76%
37Denmark92 GK, 90 GK, 86 GKSchmeichel
76%
62Netherlands91 GK, 89 GK, 87 GKVan Der Sar
76%
31Italy92 CB, 89 CB, 87 CBCannavaro
75%
48Romania91 CAM, 89 CAM, 85 CAMHagi
75%
33Italy92 CB, 90 CB, 88 CBNesta
75%
19Bulgaria92 ST, 90 LW, 87 STStoichkov
75%
34Scotland92 ST, 90 CF, 87 STDalglish
74%
25Netherlands92 CF, 90 CAM, 87 CFBergkamp
73%
68Sweden90 ST, 87 ST, 86 STLarsson
73%
44England91 CM, 89 CM, 87 CMScholes
73%
75Argentina90 ST, 87 ST, 85 STCrespo
72%
70Mexico90 ST, 87 ST, 85 STHernandez
72%
52Ukraine91 ST, 88 ST, 86 STShevchenko
72%
71Portugal90 CM, 87 CAM, 85 CAMDeco
71%
54Denmark91 CAM, 89 LW, 85 CFLaudrup
71%
65France90 CDM, 88 CDM, 85 LBPetit
71%
39Germany91 CM, 89 CM, 86 CMBallack
70%
49France91 CB, 89 CB, 85 CAMBlanc
70%
27Spain92 ST, 90 ST, 87 STButragueno
70%
46Spain91 CB, 89 CB, 86 CBHierro
70%
60Brazil91 CAM, 89 CAM, 87 CAMKaka
70%
51Germany91 ST, 89 ST, 87 STKlose
70%
59Netherlands91 CB, 88 CB, 85 CBKoeman
70%
55England91 ST, 88 ST, 86 STOwen
70%
35Mexico92 ST, 89 ST, 87 STSanchez
70%
69Portugal90 CAM, 88 CAM, 85 CAMRui Costa
69%
47England91 ST, 89 ST, 87 STShearer
69%
45Brazil91 CAM, 89 CAM, 87 CAMSocrates
69%
86Italy89 RB, 87 LB, 86 RWBZambrotta
69%
63Argentina90 CM, 88 CM, 86 CMVeron
68%
30England92 ST, 89 ST, 87 STLineker
67%
29Netherlands92 ST, 90 ST, 86 STvan Nistelrooy
67%
76Italy90 ST, 88 ST, 86 STVieri
67%
57France91 CB, 88 CDM, 87 CBDesailly
66%
77Finland90 CAM, 88 CAM, 85 CFLitmanen
66%
84Italy89 CDM, 87 CDM, 85 CMGattuso
65%
78France90 CDM, 87 CDM, 85 RMMakelele
65%
73Netherlands90 LM, 88 LW, 86 LWOvermars
65%
53France91 LM, 88 LM, 85 CAMPires
65%
41France91 CM, 88 CM, 86 CMVieira
65%
88England89 LW, 87 LW, 86 CAMBarnes
64%
85England89 CB, 87 CB, 85 CBCampbell
63%
81Spain90 CDM, 87 CDM, 85 CDMGuardiola
63%
83Germany90 GK, 88 GK, 85 GKLehmann
63%
42Netherlands91 CAM, 88 CM, 85 CMSeedorf
63%
56France91 ST, 89 ST, 86 STTrezeguet
62%
72Italy90 CF, 87 CF, 85 CFZola
61%
79Italy90 ST, 87 ST, 85 STInzaghi
60%
50Netherlands91 ST, 88 ST, 86 STKluivert
60%
67Netherlands90 CDM, 88 CB, 86 CDMRijkaard
60%
87England89 ST, 87 ST, 85 STWright
59%

Score Distribution

Percentile by Number Answered

Percent of People with Each Score

Your Score History

You have not taken this quiz